Logo CIB grande

PROBLEMAS DE LA TEORIA DE LA ELASTICIDAD (Registro nro. 210454)

Detalles MARC
000 -LEADER
campo de control de longitud fija 00452nam a2200193Ia 4500
005 - FECHA Y HORA DE LA ÚLTIMA TRANSACCIÓN
campo de control 20250425161510.0
008 - DATOS DE LONGITUD FIJA--INFORMACIÓN GENERAL
campo de control de longitud fija 250425s9999 xx 000 0 und d
041 ## - CÓDIGO DE IDIOMA
Código de lengua del texto/banda sonora o título independiente spa
082 ## - NÚMERO DE LA CLASIFICACIÓN DECIMAL DEWEY
Número de clasificación 620.11232
010 ## - NÚMERO DE CONTROL DE LA BIBLIOTECA DEL CONGRESO
Número de control de LC 21640
100 ## - ENTRADA PRINCIPAL--NOMBRE DE PERSONA
Nombre de persona REKACH, V. G.
245 #0 - MENCIÓN DEL TÍTULO
Título PROBLEMAS DE LA TEORIA DE LA ELASTICIDAD
250 ## - MENCION DE EDICION
Mención de edición 1A ED.
260 ## - PUBLICACIÓN, DISTRIBUCIÓN, ETC.
Lugar de publicación, distribución, etc. Rusia
Nombre del editor, distribuidor, etc. MIR
Fecha de publicación, distribución, etc. 1978
260 ## - PUBLICACIÓN, DISTRIBUCIÓN, ETC.
Lugar de publicación, distribución, etc. S.L.
300 ## - DESCRIPCIÓN FÍSICA
Extensión 387
700 ## - ENTRADA AGREGADA--NOMBRE PERSONAL
Nombre de persona GARCIA ENRIQUE
Término indicativo de función/relación traductor
942 ## - ELEMENTOS DE ENTRADA SECUNDARIOS (KOHA)
Tipo de ítem Koha Libros
Existencias
Estatus retirado Estado de pérdida Estado de daño No para préstamo Biblioteca de origen Biblioteca actual Fecha de adquisición Coste, precio normal de compra Total de préstamos Código de barras Copia número Tipo de ítem Koha
        CENTRO DE INFORMACIÓN BIBLIOTECARIA CENTRO DE INFORMACIÓN BIBLIOTECARIA 26/06/1998 0.01   18468 1 Libros

Copyright 2025 ESPOL. Todos los derechos reservados.